000 00693nam a2200289Ia 4500
005 20260324144446.0
008 008 260324s9999 xx 000 0 eng d
020 _a9780429044076
037 _aEBOOK
040 _aCRL
040 _beng
040 _cCRL
041 _2eng
041 _aeng
084 _qCRL
100 _aElizabeth McLean Petras
_91219397
245 0 _aJamaican Labor Migration
245 0 _bWhite Capital And Black Labor, 1850-1930
260 _bTaylor and Francis
260 _c1988
365 _a
365 _b230
856 _uhttp://www.taylorfrancis.com/books/9780429044076
942 _cEBOOK
999 _c1826043
_d1826043